Statistics for Israel Cities Map Quiz

Click here to take the quiz!

General Stats

  • This quiz has been taken 139 times
  • The average score is 30 of 82

Answers on the Map

Answers color-coded by a green-red scale on the quiz's map according to % correct below.
 

Answer Stats

Country% Correct
Tel Aviv-Yafo
99%
Jerusalem
94%
Haifa
92%
Eilat
77%
Beersheba
73%
Ashdod
70%
Ashkelon
67%
Netanya
65%
Nazareth
57%
Acre
56%
Petah Tikva
56%
Tiberias
56%
Holon
55%
Ramat Gan
54%
Rishon LeZion
54%
Sderot
52%
Hadera
51%
Bat Yam
50%
Dimona
50%
Herzliya
49%
Bnei Brak
48%
Ra'anana
46%
Afula
45%
Beit Shemesh
45%
Kfar Saba
45%
Rehovot
45%
Kiryat Gat
44%
Kiryat Shmona
44%
Modi'in-Maccabim-Re'ut
43%
Nahariya
43%
Safed
43%
Arad
39%
Ariel
39%
Ofakim
39%
Lod
38%
Netivot
37%
Givatayim
36%
Hod HaSharon
36%
Ramla
36%
Kiryat Bialik
35%
Karmiel
32%
Kiryat Ata
32%
Kiryat Yam
32%
Ma'ale Adumim
32%
Rahat
32%
Ramat HaSharon
32%
Yavne
32%
Kiryat Motzkin
31%
Kiryat Ono
29%
Ness Ziona
29%
Rosh HaAyin
29%
Or Yehuda
26%
Beit She'an
25%
El'ad
25%
Kiryat Malakhi
25%
Modi'in Illit
24%
Umm al-Fahm
24%
Beitar Illit
23%
Tira
23%
Yehud-Monosson
23%
Nesher
20%
Tayibe
20%
Or Akiva
19%
Giv'at Shmuel
18%
Shfar'am
18%
Harish
17%
Nof HaGalil
17%
Sakhnin
17%
Yokneam Illit
17%
Be'er Ya'akov
15%
Ganei Tikva
15%
Tirat Carmel
15%
Kafr Qasim
14%
Kfar Yona
14%
Ma'alot-Tarshiha
14%
Baqa al-Gharbiyye
12%
Migdal HaEmek
12%
Qalansawe
10%
Tamra
10%
Arraba
8%
Kafr Qara
7%
Maghar
7%

Score Distribution

Percentile by Number Answered

Percent of People with Each Score

Your Score History

You have not taken this quiz